000 01128njm a2200421 c 4500
001
003 DO-SdBNP
005 20220916122322.0
008 160127s 2005 sp d spa
015 _a
017 _a
_b
020 _a8484038556
028 0 0 _a
_b
035 _a
040 _aBPMSU
_bspa
_cBPMSU
_e
082 _a925.2
_bG158C
_222
084 _a
_2
100 1 _aCuadrado, Sara.
_d
_4
240 1 0 _a
_n
_r
245 1 0 _a Galileo /
_cSara Cuadrado.
260 _aMadrid :
_bEdimat Libros,
_c2005
300 _a192 p. ;
_c23 cm.
_e
_b
490 0 _aGrandes biografías
500 _a
504 _aBibliografía. p.: 187-188
505 0 _a
590 _6Inventariado, 2022/VM
600 1 4 _aGalilei, Galileo,
_d1564-1642.
_vBiografías
650 4 _aAstrónomos
_vBiografías.
650 4 _aMatemáticos
_vBiografías.
650 4 _aInventores
_vBiografías.
650 4 _aAstronomía
_vTeorías.
700 1 2 _aBeethoven, Ludwig van
_d1770-1827
_t
_m
_n
_r
910 _aVMateo V.
942 _2ddc
_cBK
945 _aInventariado, 2018/LP
956 _aVMATEO
_b10
_c20160614
_dBPMSU
_f0069
999 _c14264
_d14264